Lírica : de 1898 a 1998: España-América.
Guardado en:
| Formato: | Desconocido |
|---|---|
| Lenguaje: | Spanish |
| Materias: | |
| Etiquetas: |
Agregar Etiqueta
Sin Etiquetas, Sea el primero en etiquetar este registro!
|
MARC
| LEADER | 000000000a22000000004500 | ||
|---|---|---|---|
| 001 | 006737 | ||
| 041 | 0 | |a spa | |
| 082 | 0 | 4 | |a 808.8 |b C569c |
| 245 | 0 | 0 | |a Lírica : |b de 1898 a 1998: España-América. |
| 500 | |a PERDIDO 08/11/2012 | ||
| 650 | 4 | |a POESIA HISPANOAMERICANA | |
| 650 | 4 | |a MACHADO Y RUIZ, ANTONIO, (1875-1939) | |
| 650 | 4 | |a DARIO, RUBEN, SEUDONIMO, 1867-1916 | |
| 650 | 4 | |a GARCIA LORCA, FEDERICO, (1898-1936) | |
| 650 | 4 | |a ALBERTI, RAFAEL | |
| 650 | 4 | |a LEON, FELIPE | |
| 773 | 0 | |x 9977675317 |d San José, Costa Rica : Editorial de la Universidad de Costa Rica |t Cien años de literatura hispanoamericana: 1898-1998 |g (1998), páginas 126-159 | |
| 942 | |c AM | ||
| 999 | |c 15545 |d 15545 | ||
